000
00251nam a22001097a 4500
082
_a
621.317 POL'D
100
_a
PLOGAR, CLAUDE
_9
78223
245
_a
DESIGN AND RELAY CONTROL SYSTEMS
260
_a
LONDON
_b
ILIFFE
_c
1968
300
_a
305P
942
_c
BK
999
_c
583380
_d
583380